000 00442nam a2200181Ia 4500
001 11234
005 20260306161931.0
008 260306t1988||||xx |||||||||||||| ||spa||
041 _aESP
082 _a985.019
_bR84
100 _aRostworowski de Diez Canseco, María
_eAUT
245 0 _aHistoria del Tahuantinsuyu
260 _c1988
300 _a332 páginas :
_c24 cm.
650 _aGEN
654 _aCHU
942 _cLIB
_dJUS
_fJUS
_2ddc
_n
999 _c11234
_d11234